000 00567nam a2200193Ia 4500
008 191130s2006##################000#0#eng##
020 _a9781851682584
040 _aACL
_cACL
082 _a291 FOR
100 _aForward, Martin
245 _aReligion : a beginner’s guide
_cMartin Forward
260 _aOxford
_bOneworld
_cc2006
300 _axvii, 190 p. ; 23 cm
500 _aIncludes bibliographical references (p. 179-183) and indexes
650 _aReligion
990 _af57a334aac100b46506bddcf5d4f8ab8
991 _a449114
999 _c285532
_d285532